000 00262nam a22001097a 4500
008 240709b |||||||| |||| 00| 0 eng d
100 _aVasvani, Melaram
_916749
245 _aShivaji
260 _aBombay:
_bLok Sewa Mandal;
_c1964.
300 _a181p.
942 _cBK
999 _c39875
_d39875